1773 1755 1584 1723 1381 1391 1655 1242 1180 1963 1953 1575 1709 1602 1809 1636 1232 1375 1454 1201 1319 1811 1877 1807 1898 1397 1169 1044 1105 1217 1340 1494 1243 1388 1968 1532 1181 1261 1394 1115 1838 1142 1485 1886 1832 1504 1955 1745 1868 1896 1722 1122 1771 1963 1452 1457 1591 1297 1786 1665 1285 1791 1167 1438 1668 1870 1763 1294 1376 1698 1334 1117 1755 2000 1598 1158 1834 1122 1484 1035 1895 1542 1898 1189 1092 1101 1042 1351 1634 1337 1015 1114 1444 1850 1797 1079 1792 1348 1457 BCNSPRNW ULIB Ver.6.0+V

เปลี่ยนเป็นภาษาไทย

Change to English
 แสดงรายละเอียดบรรณานุกรม
  กลับหน้าหลัก

Brief Record : Get Marc (ISO 2709) : E-mail record : QR code < ปิดหน้าต่าง
LEADER : 00000nam 2200000uu 4500
001    13399120773
003     ULIB
008    110706s2550||||th 000 0 tha d
020    9789741338214
090    นว.^bต181ส
100 0  ตรี อภิรุณ
245 00 สัมภเวสี/^cตรี อภิรุณ
260    กรุงเทพฯ :^bอุทยานความรู้,^c2550
300    608 หน้า
945    ^p390^l0^i15032
995    ทศพร
999    ^aใช้งานได้ทุกระบบ
รายการนี้ยังไม่มีแท็ก
คุณยังไม่ได้ล็อกอิน คุณสามารถมีกิจกรรมร่วมกับเว็บไซต์ได้ แต่ต้องล็อกอินก่อน ::
  ล็อกอิน

รายการสื่อสารสนเทศ

ลำดับที่ ประเภท เลขเรียก/บาร์โค้ด สถานที่ สถานะ
1. นวนิยาย
นวนิยาย
นว. ต181ส ฉ.1 
  Barcode: 15032
ห้องสมุดวิทยาเขตสวรรค์ประชารักษ์
►หนังสือทั่วไป
บนชั้น

BibComment


ยังไม่เคยถูกคอมเมนท์

คอมเมนท์ทรัพยากรรายการนี้
  คอมเมนท์: สัมภเวสี ตรี อภิรุณ


 Copyright 2026. Bcnsprnw @Library